000 00339nam a22001457a 4500
008 210310b ||||| |||| 00| 0 eng d
020 _a0669281735
041 _aeng
080 _2
_a371
082 _a371
100 _a46
101 _aEDU
245 _aDoint it Right Improving College Learning Skills
_cJohnson,B.E
942 _2udc
_cBK
999 _c56153
_d56153